|
|
|
|
| LEADER |
00000nam a22000007a 4500 |
| 005 |
20150529214134.0 |
| 007 |
cr|||| |||| |
| 008 |
150529s2014 br |||||s|||| 00||0 por d |
| 020 |
|
|
|a 978-85-361-3165-8
|
| 035 |
|
|
|a 12721
|
| 040 |
|
|
|a vLex
|
| 090 |
|
|
|c 5457
|d 5457
|
| 100 |
1 |
|
|a Messias Saliba, Tuffi
|
| 245 |
1 |
0 |
|a Manual prt̀ico de avaliaȯ̂ e controle de calor - PPRA
|h [Recurso electrn̤ico] /
|c Tuffi Messias Saliba
|n 6® ediȯ̂ 2014
|
| 256 |
|
|
|a Servicio en ln̕ea
|
| 260 |
|
|
|a San Pablo:
|b LTR Editora,
|c 2014
|
| 300 |
|
|
|a 1 recurso electrn̤ico
|
| 500 |
|
|
|a A nova ediȯ̂ do Manual Prt̀ico de Avaliaȯ̂ e Controle de Calor foi toda revisada no seu conted︢o, alm̌ de ter sido atualizada com as normas legais vigentes. Alguns tp̤icos foram reorganizados para facilitar o entendimento dos leitores a respeito da matřia. Esperamos que esta ediȯ̂ tenha a mesma aceitaȯ̂ das anteriores e dos demais Manuais Prt̀icos sobre os agentes rud̕o, poeira, gases e vibraȯ̂. Ademais, a consolidaȯ̂ deste Manual, nas obras de Seguranȧ e Sad︢e do Trabalhador, ̌mais um incentivo para melhorarmos a qualidade de nossas publicaė̳s. Vale ressaltar que o Ministřio do Trabalho e Emprego promoveu consulta pb︢lica visando alterar o anexo 3 da NR-15, no entanto, at ̌o fechamento da ediȯ̂ deste manual, a norma nô havia sido aprovada e publicada. Todavia, a maioria dos textos est ̀em consonńcia com a alteraȯ̂ proposta.
|
| 506 |
1 |
|
|a Disponible solo en los productos indicados
|d vLex Global
|d vLex Global (Academic Edition, excluding Law Schools)
|d vLex Global (U.S. Academic Edition, Law Schools)
|d vLex Global (U.S. Academic Edition, excluding Law Schools)
|d vLex Global (Academic Edition, Law Schools)
|
| 650 |
0 |
4 |
|a Derecho Civil
|z Brasil
|
| 740 |
0 |
|
|a vLex Libros (Servicio en ln̕ea)
|
| 856 |
4 |
0 |
|u http://vlex.com/source/manual-pratico-de-avalia-o-e-controle-de-calor-ppra-6-edi-o-2014-12721
|z Acceso restringido
|
| 942 |
|
|
|c BOOK
|
| 999 |
0 |
|
|a Civil Law
|